000 01394cad a22002295a 4500
001 L146938
008 090316s2009 xxk f 000 0 eng d
035 _a(Sirsi) u146938
041 0 _aeng
050 0 4 _a333.32 $2 18
110 2 _aInvestment Property Forum
_92112
245 0 0 _aInvestment Property Forum consensus forecasts, survey of independent forecasts for UK commercial property investment
_bsummary report, March 2009
_h[electronic resource]
260 _aLondon
_bIPF
_c2009
520 _aThis forecast report for Q1 2009 suggests that there will be downward adjustments for 2009 and 2010 in all sectors, with the All Property total return for 2009 forecast at -11.3%. The 2010 All Property return forecast is positive, with the consensus being that 2009 will see the bottom of the market with recovery taking place through 2010/11. The office market looks as though it will be the last sector to recover, with the consensus forecast total return for the sector still below inflation for 2010.
521 _aAdvanced
590 _aKA
650 2 4 _aIPF CONSENSUS FORECAST SURVEY
651 4 _aUnited Kingdom
_y
690 _aPROPERTY-COMMERCIAL PROPERTY-COMMERCIAL PROPERTY MARKET
856 4 0 _uhttps://www.ipf.org.uk/mainwebsite/generalcontent8ffa20e881efb5fc6521db79.aspx?map=eb5ac5da475549fedb91c00e0648968d
_zView the item free of charge at www.ipf.org.uk...
942 _n0
999 _c109362
_d109362